Psicopatología de la pubertad y de la adolescencia / (Record no. 135709)

MARC details
000 -LEADER
campo de control de longitud fija 00648nam a2200217 4500
001 - NÚMERO DE CONTROL
campo de control 135709
003 - IDENTIFICADOR DE NÚMERO DE CONTROL
campo de control ES-MaACL
005 - FECHA Y HORA DE LA ÚLTIMA TRANSACCIÓN
campo de control 20251207151551.0
007 - CAMPO FIJO DE DESCRIPCIÓN FÍSICA--INFORMACIÓN GENERAL
campo de control de longitud fija t|
008 - DATOS DE LONGITUD FIJA--INFORMACIÓN GENERAL
campo de control de longitud fija 070214s1964 sp r ||||1| spa d
100 1# - ENTRADA PRINCIPAL--NOMBRE DE PERSONA
Nombre de persona Rouart, Julien.
9 (RLIN) 99993
245 10 - MENCIÓN DEL TÍTULO
Título Psicopatología de la pubertad y de la adolescencia /
Mención de responsabilidad, etc. Julien Rouart ; traducción directa de F. Velasco.
250 ## - MENCION DE EDICION
Mención de edición 3.ª. ed.
260 ## - PUBLICACIÓN, DISTRIBUCIÓN, ETC.
Lugar de publicación, distribución, etc. Barcelona :
Nombre del editor, distribuidor, etc. Luis Miracle,
Fecha de publicación, distribución, etc. 1964.
300 ## - DESCRIPCIÓN FÍSICA
Extensión 144 p. :
Otras características físicas il. ;
Dimensiones 19 cm.
490 1# - MENCIÓN DE SERIE
Mención de serie Col. Paideia
700 1# - ENTRADA AGREGADA--NOMBRE PERSONAL
Nombre de persona Velasco, F.
9 (RLIN) 113717
830 0# - PUNTO DE ACCESO ADICIONAL DE SERIE-TÍTULO UNIFORME
Título uniforme Paideia
9 (RLIN) 179731
852 ## - LOCALIZACIÓN
Ubicación ES-MaACL
Número de control de estantería C-30451
Sublocalización o colección R.60787
Holdings
Estatus retirado Estado de pérdida Estado de daño No para préstamo Biblioteca de origen Biblioteca actual Ubicación en estantería Fecha de adquisición Fuente de adquisición Total de préstamos Signatura topográfica completa Código de barras Visto por última vez Precio de reemplazo Tipo de ítem Koha
        Biblioteca del Ateneo de Madrid Biblioteca del Ateneo de Madrid Depósito 2 17/01/2008     C-30451 1141240 23/02/2023 23/02/2023 Libro impreso